000 00864nam a2200217 i 4500
001 59852
003 ES-MaACL
005 20250811071123.0
007 t|
008 031031s1934 sp |||| | spa d
110 2 _aEscuela Especial de Ingenieros de Caminos, Canales y Puertos (Madrid)
_9170634
245 1 0 _aEscuela Especial de Ingenieros de Caminos, Canales y Puertos
_b: laboratorios.
260 _aMadrid :
_b[s.n.],
_c1934 (
_fTalleres Gráf. Herrera)
300 _a101 p. ;
_c28 cm.
500 _aPrecede al tít.. Ministerio de Instrucción Pública y Bellas Artes.
610 2 _aEscuela Especial de Ingenieros de Caminos, Canales y Puertos (Madrid)
_9170634
650 4 _aLaboratorios.
_9170638
710 1 _aEspaña.
_bMinisterio de Instrucción Pública y Bellas Artes
_9226896
852 _aES-MaACL
_j1773-F-1
999 _c59852
_d59852